| 000 | 00561cam a2200217ua 4500 | ||
|---|---|---|---|
| 020 | _c250.00 | ||
| 041 |
_aeng _h |
||
| 082 |
_a658.501 _bMAH/IN |
||
| 100 | _aMahajan, M . | ||
| 245 |
_aIndustrial engineering and production management / _cM Mahajan. _hTextual Documents |
||
| 250 |
_a2 / _b. |
||
| 260 |
_aNew Delhi : _bDhanpat Rai Publishing Co. Pvt. Ltd. , _c2002. |
||
| 300 | _a910 ; . | ||
| 365 | _a250.00 | ||
| 504 | _a | ||
| 942 | _cBK | ||
| 999 |
_c13204 _d13204 |
||